Maps to the stars [DVD/videorecording] / Focus ... Read More
Available copies
- 1 of 1 copy available at LARL/NWRL Consortium. (Show)
- 1 of 1 copy available at Northwest Regional Library.
Current holds
0 current holds with 1 total copy.
Show Only Available Copies
| Location | Call Number / Copy Notes | Barcode | Shelving Location | Status | Due Date |
|---|---|---|---|---|---|
| Karlstad LINK Site | DVD MAP (Text) | 35500005571961 | Main | Available | - |
Record details
- Physical Description: 1 videodisc (112 min.) : sound, color ; 4 3/4 in.
- Publisher: [Place of publication not identified] : [Publisher not identified], [2015]
Content descriptions
| General Note: | Title from container. DVD release of the 2014 motion picture. |
| Creation/Production Credits Note: | Editor, Ronald Sanders ; music, Howard Shore ; ... Read More |
| Participant or Performer Note: | Julianne Moore, John Cusack, Carrie Fisher, Mia ... Read More |
| Summary, etc.: | Meet the Weiss family, who are making their way in ... Read More |
| Target Audience Note: | MPAA rating: R; for strong disturbing violence and ... Read More |
| System Details Note: | DVD ; widescreen (1.85:1) presentation ; Dolby ... Read More |
| Language Note: | In English, with optional subtitles in English, ... Read More Closed-captioned. |
Search for related items by subject
| Subject: | Motion picture industry > Drama. Actors > Drama. Fame > Drama. Man-woman relationships > Drama. Hollywood (Los Angeles, Calif.) > Drama. |
| Genre: | Fiction films. Feature films. Dark comedy films. Thrillers (Motion pictures) Video recordings for the hearing impaired. |
| LDR | 03559cgm a2200709Ii 4500 | ||
|---|---|---|---|
| 001 | 179336 | ||
| 003 | LARL_NWRL_CONSORTIUM | ||
| 005 | 20150420101618.0 | ||
| 007 | vd cvaizq | ||
| 008 | 150306p20152014xxu112 vleng d | ||
| 024 | 1 | . | ‡a025192277658 |
| 028 | 4 | 2. | ‡a62167383 ‡bFocus Features |
| 035 | . | ‡a(OCoLC)904452936 | |
| 040 | . | ‡aTEFMT ‡beng ‡erda ‡cTEFMT ‡dOCLCO ‡dTEF ‡dBDX ‡dMR0 ‡dIK2 ‡dGK8 ‡dBTCTA ‡dNRG | |
| 041 | 1 | . | ‡aeng ‡jfre ‡jspa ‡jeng ‡heng |
| 049 | . | ‡aNRGQ | |
| 050 | 1 | 4. | ‡aPN1997.2 ‡b.M377 2015 |
| 082 | 0 | 4. | ‡a791.43/72 ‡223 |
| 245 | 0 | 0. | ‡aMaps to the stars ‡h[DVD/videorecording] / ‡cFocus World presents ; produced by Martin Katz, Said Ben Said, Michel Merkt ; written by Bruce Wagner ; directed by David Cronenberg. |
| 257 | . | ‡aUnited States ‡2naf | |
| 260 | . | ‡a[Place of publication not identified] : ‡b[Publisher not identified], ‡c[2015] | |
| 260 | . | ‡aUniversal City, CA : ‡bUniversal Studios Home Entertainment | |
| 300 | . | ‡a1 videodisc (112 min.) : ‡bsound, color ; ‡c4 3/4 in. | |
| 336 | . | ‡atwo-dimensional moving image ‡btdi ‡2rdacontent | |
| 337 | . | ‡avideo ‡bv ‡2rdamedia | |
| 338 | . | ‡avideodisc ‡bvd ‡2rdacarrier | |
| 340 | . | ‡aDVD video ‡b4 3/4 in. ‡2rda | |
| 344 | . | ‡adigital ‡boptical ‡g5.1 surround ‡hDolby Digital ‡2rda | |
| 346 | . | ‡alaser optical ‡bNTSC ‡2rda | |
| 347 | . | ‡avideo file ‡bDVD video ‡eregion 1 ‡2rda | |
| 380 | . | ‡aMotion picture. | |
| 538 | . | ‡aDVD ; widescreen (1.85:1) presentation ; Dolby digital 5.1 surround. | |
| 546 | . | ‡aIn English, with optional subtitles in English, French or Spanish. | |
| 546 | . | ‡aClosed-captioned. | |
| 500 | . | ‡aTitle from container. | |
| 511 | 1 | . | ‡aJulianne Moore, John Cusack, Carrie Fisher, Mia Wasikowska, Robert Pattinson, Olivia Williams. |
| 508 | . | ‡aEditor, Ronald Sanders ; music, Howard Shore ; director of photography, Peter Suschitzky. | |
| 500 | . | ‡aDVD release of the 2014 motion picture. | |
| 521 | 8 | . | ‡aMPAA rating: R; for strong disturbing violence and sexual content, graphic nudity, language and some drug material. |
| 520 | . | ‡aMeet the Weiss family, who are making their way in Hollywood rife with money, fame, envy, and relentless hauntings. Stafford Weiss is a famed TV self-help therapist with an A-list celebrity clientele. Meanwhile, Cristina Weiss has her work cut out managing the career of their disaffected child-star son, Benjie, a fresh graduate of rehab at age thirteen. Yet unbeknownst to them, another member of the Weiss family has arrived in town, mysteriously scarred and tormented, Agatha. | |
| 650 | 0. | ‡aMotion picture industry ‡vDrama. | |
| 650 | 0. | ‡aActors ‡vDrama. ‡0(LARL_NWRL_CONSORTIUM)163239 | |
| 650 | 0. | ‡aFame ‡vDrama. | |
| 650 | 0. | ‡aMan-woman relationships ‡vDrama. ‡0(LARL_NWRL_CONSORTIUM)166008 | |
| 651 | 0. | ‡aHollywood (Los Angeles, Calif.) ‡vDrama. | |
| 655 | 7. | ‡aFiction films. ‡2lcgft ‡0(LARL_NWRL_CONSORTIUM)175626 | |
| 655 | 7. | ‡aFeature films. ‡2lcgft ‡0(LARL_NWRL_CONSORTIUM)175625 | |
| 655 | 7. | ‡aDark comedy films. ‡2lcgft ‡0(LARL_NWRL_CONSORTIUM)175651 | |
| 655 | 7. | ‡aThrillers (Motion pictures) ‡2lcgft ‡0(LARL_NWRL_CONSORTIUM)175789 | |
| 655 | 7. | ‡aVideo recordings for the hearing impaired. ‡2lcgft ‡0(LARL_NWRL_CONSORTIUM)175744 | |
| 700 | 1 | . | ‡aCronenberg, David, ‡d1943- ‡efilm director. ‡0(LARL_NWRL_CONSORTIUM)182088 |
| 700 | 1 | . | ‡aWagner, Bruce, ‡d1954- ‡escreenwriter. ‡0(LARL_NWRL_CONSORTIUM)108000 |
| 700 | 1 | . | ‡aCusack, John, ‡d1966- ‡eactor. ‡0(LARL_NWRL_CONSORTIUM)119361 |
| 700 | 1 | . | ‡aMoore, Julianne, ‡eactor. ‡0(LARL_NWRL_CONSORTIUM)142031 |
| 700 | 1 | . | ‡aFisher, Carrie, ‡eactor. ‡0(LARL_NWRL_CONSORTIUM)88275 |
| 700 | 1 | . | ‡aWasikowska, Mia, ‡d1989- ‡eactor. ‡0(LARL_NWRL_CONSORTIUM)215865 |
| 700 | 1 | . | ‡aPattinson, Robert, ‡d1986- ‡eactor. ‡0(LARL_NWRL_CONSORTIUM)215060 |
| 710 | 2 | . | ‡aUniversal Studios Home Entertainment (Firm), ‡efilm distributor. ‡0(LARL_NWRL_CONSORTIUM)210736 |
| 994 | . | ‡aC0 ‡bNRG | |
| 901 | . | ‡a179336 ‡bOCLC ‡c179336 ‡tbiblio | |

Add to basket
Permalink
Enable Highlighting